Wszystkie karty w Clash Royale - Statystyki

Ogólne statystyki
  • Ten quiz został rozwiązany 223 razy
  • Średni wynik to 52 z 106
Statystyki odpowiedzi
Hint Odpowiedź % Poprawnych
Training Camp Knight
83%
Training Camp Mini P.E.K.K.A
83%
Training Camp Giant
82%
Arena 4 P.E.K.K.A
80%
Arena 1 Goblins
79%
Training Camp Arrows
77%
Arena 7 Prince
77%
Arena 2 Skeletons
77%
Training Camp Fireball
76%
Training Camp Archers
74%
Arena 7 Mega Knight
74%
Arena 5 Witch
74%
Arena 4 Wizard
72%
Arena 3 Barbarians
71%
Arena 11 Electro Wizard
68%
Arena 8 Ice Wizard
68%
Arena 6 The Log
68%
Arena 5 Zap
68%
Arena 4 Inferno Tower
67%
Arena 2 Baby Dragon
66%
Arena 2 Skeleton Army
65%
Arena 1 Spear Goblins
65%
Arena 3 Goblin Barrel
63%
Arena 9 Inferno Dragon
63%
Arena 8 Ice Spirit
62%
Arena 7 Dark Prince
61%
Arena 4 Fire Spirit
61%
Arena 5 Hog Rider
61%
Arena 10 Golem
60%
Arena 3 Cannon
59%
Training Camp Minions
59%
Arena 7 Royal Giant
59%
Arena 11 Tesla
59%
Arena 9 Goblin Hut
58%
Arena 14 Night Witch
57%
Legendary Arena Mother Witch
55%
Arena 9 Goblin Gang
54%
Arena 11 Electro Giant
53%
Arena 10 Elite Barbarians
53%
Arena 2 Tombstone
53%
Arena 14 Rage
52%
Arena 10 Lava Hound
51%
Arena 5 Princess
51%
Arena 6 Rocket
51%
Arena 3 Barbarian Barrel
50%
Arena 14 Barbarian Hut
50%
Arena 2 Bomber
50%
Arena 11 Electro Dragon
50%
Arena 11 Electro Spirit
50%
Arena 6 Balloon
49%
Arena 5 Bats
49%
Arena 9 Goblin Giant
49%
Arena 4 Miner
49%
Arena 4 Giant Skeleton
48%
King Level 14 Golden Knight
48%
Arena 8 Ice Golem
48%
Arena 11 Sparky
48%
Arena 13 Heal Spirit
47%
Arena 2 Valkyrie
46%
Arena 1 Goblin Cage
45%
King Level 14 Archer Queen
44%
Arena 13 Bandit
44%
Arena 8 Lightning
44%
Arena 14 Lumberjack
44%
Training Camp Musketeer
44%
King Level 14 Skeleton King
44%
Arena 6 X-Bow
44%
Arena 10 Minion Horde
42%
Arena 9 Poison
42%
Arena 8 Freeze
40%
Arena 10 Ram Rider
40%
Arena 9 Dart Goblin
39%
Arena 3 Battle Ram
38%
Arena 12 Mirror
38%
Arena 12 Bomb Tower
37%
Arena 6 Mortar
37%
Arena 14 Elixir Golem
36%
Arena 12 Graveyard
35%
Arena 7 Royal Recruits
35%
Legendary Arena Clone
34%
Arena 14 Firecracker
34%
Arena 7 Royal Hogs
34%
Arena 10 Hunter
32%
Arena 13 Magic Archer
32%
Arena 12 Royal Ghost
32%
Arena 12 Skeleton Barrel
32%
Arena 4 Skeleton Dragons
32%
Arena 13 Bowler
31%
Legendary Arena Fisherman
31%
Legendary Arena Tornado
31%
Arena 12 Earthquake
30%
Arena 8 Giant Snowball
30%
Arena 7 Three Musketeers
30%
Arena 11 Zappies
29%
Legendary Arena Battle Healer
28%
Arena 3 Mega Minion
28%
Legendary Arena Royal Delivery
27%
Arena 13 Elixir Collector
26%
Arena 10 Furnace
26%
Arena 14 Executioner
24%
Arena 12 Guards
23%
Legendary Arena Cannon Cart
22%
Arena 6 Flying Machine
21%
Arena 13 Goblin Drill
20%
Arena 5 Wall Breakers
20%
Arena 13 Rascals
18%
Nie znaleziono quizów pasujących do podanych kryteriów
Rozkład punktacji
Procent ludzi z każdym wynikiem
Percentyl według liczby udzielonych odpowiedzi
Twoja historia wyników
Nie rozwiązałeś tego quizu